Las búsquedas literarias de Héctor Abad Faciolince: (Registro nro. 16875)

Detalles MARC
000 - LÍDER
campo de control de longitud fija 01416nam a2200313 i 4500
005 - FECHA Y HORA DE LA ÚLTIMA TRANSACCIÓN
campo de control 20230726220502.0
008 - ELEMENTOS DE DATOS DE LONGITUD FIJA - INFORMACIÓN GENERAL
campo de control de longitud fija 230726s2017 ck o gr 000 0dspa d
020 ## - INTERNATIONAL STANDARD BOOK NUMBER
International Standard Book Number 9789587204278
040 ## - FUENTE DE CATALOGACIÓN
Agencia de catalogación original CO-PeBPR
Agencia de transcripción CO-PeBPR
Descripción convenciones rda
041 ## - CÓDIGO DE LENGUAJE
Código de idioma de texto / pista de sonido o título separado spa
082 04 - NÚMERO DE CLASIFICACIÓN DECIMAL DEWEY
Número de clasificación 864.44
Número de artículo E71b
100 1# - ENTRADA PRINCIPAL - NOMBRE PERSONAL
9 (RLIN) 11029
Nombre de la persona Escobar Mesa, Augusto
Término del Relator autor
245 14 - TÍTULO DECLARACIÓN
Título Las búsquedas literarias de Héctor Abad Faciolince:
Resto del título Angosta, El olvido que seremos, El amanecer de un marido y La oculta
Declaración de responsabilidad Augusto Escobar Mesa
250 ## - DECLARACIÓN DE EDICIÓN
Sentencia de edición Primera edición
264 01 - AVISO DE PRODUCCIÓN, PUBLICACIÓN, DISTRIBUCIÓN, FABRICACIÓN Y DERECHOS DE AUTOR
Lugar de producción Medellín
Nombre del productor Editorial EAFIT
Fecha de producción 2017
300 ## - DESCRIPCIÓN FÍSICA
Alcance 407 páginas
Otros datos físicos fotografías a color
Dimensiones 24 cm
336 ## - TIPO DE CONTENIDO
Tipo de contenido texto
Código de tipo de contenido txt
Fuente rdacontent
337 ## - TIPO DE MEDIO
Término del tipo de medio sin mediación
Código de tipo de medio n
Fuente rdamedia
338 ## - TIPO DE PORTADOR
Término del tipo de operador volumen
Código de tipo de operador nc
Fuente rdacarrier
500 ## - NOTA GENERAL
Nota general Incluye datos curriculares del autor
504 ## - BIBLIOGRAFÍA
Bibliografía Contiene bibliografía (páginas: 387 - 407
600 #0 - ENTRADA DE SUJETO AÑADIDO - NOMBRE PERSONAL
9 (RLIN) 10566
Nombre de la persona Abad Faciolince, Héctor
Fechas asociadas a un nombre 1958 -
Subdivisión general Crítica e Interpretación
600 #0 - ENTRADA DE SUJETO AÑADIDO - NOMBRE PERSONAL
9 (RLIN) 10566
Nombre de la persona Abad Faciolince, Héctor
Fechas asociadas a un nombre 1958 -
Títulos y otras palabras asociadas a un nombre Angosta
600 #0 - ENTRADA DE SUJETO AÑADIDO - NOMBRE PERSONAL
9 (RLIN) 10566
Nombre de la persona Abad Faciolince, Héctor
Fechas asociadas a un nombre 1958 -
Títulos y otras palabras asociadas a un nombre El olvido que seremos
600 #0 - ENTRADA DE SUJETO AÑADIDO - NOMBRE PERSONAL
9 (RLIN) 10566
Nombre de la persona Abad Faciolince, Héctor
Fechas asociadas a un nombre 1958 -
Títulos y otras palabras asociadas a un nombre El amanecer de un marido
600 #0 - ENTRADA DE SUJETO AÑADIDO - NOMBRE PERSONAL
9 (RLIN) 10566
Nombre de la persona Abad Faciolince, Héctor
Fechas asociadas a un nombre 1958 -
Títulos y otras palabras asociadas a un nombre La Oculta
830 ## - ENTRADA AGREGADA EN SERIE - TÍTULO UNIFORME
Título uniforme Dotación MinCultura - BNC / Sala de Patrimonio Bibliográfico y Documental de Risaralda
942 ## - ELEMENTOS DE ENTRADA AGREGADOS (KOHA)
Fuente de clasificación o esquema de estanterías Dewey Decimal Classification
Tipo de artículo Koha Libro
Parte de clasificación 864.44 E71b
Prefijo del número de llamada 864.44
Sufijo del número de llamada E71b
Existencias
Estado de retirada Pérdida de estatus Fuente de clasificación o esquema de estanterías Estado dañado No para préstamo Código de recogida Ubicación permanente Ubicación actual Ubicación de las estanterías Fecha de adquisición Fuente de adquisición Total de Cajas Número de llamada completo Código de barras Fecha de la última vez que se vio Número de copia Precio efectivo desde Tipo de artículo Koha
    Dewey Decimal Classification     Sala Patrimonial Biblioteca Pública Departamental Comfamiliar Risaralda Biblioteca Pública Departamental Comfamiliar Risaralda Área General 26/07/2023 Dotación MinCultura / BNC   864.44 E71b 4616 26/07/2023 Ej. 1 26/07/2023 Libro